Statistics for Analogies #1

Click here to take the quiz!

General Stats

  • This quiz has been taken 82,490 times
    (32,817 since last reset)
  • The average score is 12 of 20

Answer Stats

This is to ThisAs...% Correct
Koala is to EucalyptusGiant Panda is to {Bamboo}
93%
Sheqel is to IsraelYen is to {Japan}
92%
8 is to Octagon5 is to {Pentagon}
91%
Cents are to DollarPence are to {Pound}
88%
Bruce Wayne is to Batman{Peter} {Parker} is to Spiderman
79%
Eiffel Tower is to ParisSpace Needle is to {Seattle}
76%
Kit is to Fox{Joey} is to Kangaroo
69%
Saddam Hussein is to IraqMuammar Gaddafi is to {Libya}
68%
Romeo is to MontagueJuliet is to {Capulet}
66%
Dr. Evil is to Austin PowersProfessor Moriarty is to
{Sherlock} {Holmes}
63%
Friday is to GoodWednesday is to {Ash}
62%
Lake is to England{Loch} is to Scotland
60%
Sol is to Sun{Terra} is to Earth
59%
Las Vegas is to U.S.{Macau} is to China
52%
Hoover is to Vacuum{Xerox} is to Copier
48%
Goomba is to MushroomKoopa is to {Turtle}
40%
Genesis is to Old{Matthew} is to New
35%
Achilles is to Greece{Hector} is to Troy
33%
Tolstoy is to WarDostoyevsky is to {Crime}
31%
Kicked is to BucketBought is to {Farm}
24%

Score Distribution

Percentile by Number Answered

Percent of People with Each Score

Your Score History

You have not taken this quiz since the last reset